Statistics for Least Guessed: Video Games

Click here to take the quiz!

General Stats

  • This quiz has been taken 7 times
  • The average score is 6 of 15

Answer Stats

HintAnswer% Correct
Legend Of Zelda GamesOracle of Ages
83%
Pokemon TypesDragon Type
67%
Metroid gamesMetroid Prime Pinball
67%
Mario Kart cupsLightning Cup
50%
Punch-Out!! OpponentsSuper Macho Man
50%
Minecraft OresAncient Debris
33%
Pokemon MovesAssist
33%
Street Fighter 2 CharactersBalrog
33%
Original 151 PokemonExeggutor
33%
Smash Bros CharacterMythra
33%
Super Mario Odyssey KingdomsRuined Kingdom
33%
Mortal Kombat CharactersShang Tsung
33%
Mario Kart ItemsSuper Horn
33%
Miitopia JobVampire
33%
Mario Bros CharacterThwomp
17%

Score Distribution

Percentile by Number Answered

Percent of People with Each Score

Your Score History

You have not taken this quiz